Construcción

Guardat en:
Dades bibliogràfiques
Autors principals: Elder, A. J (Autor), Vandenberg, Maritz (Autor)
Format: Llibre
Idioma:espanyol
Publicat: Madrid H. Blume 1977
Col·lecció:Manuales AJ
Matèries:
Etiquetes: Afegir etiqueta
Sense etiquetes, Sigues el primer a etiquetar aquest registre!

MARC

LEADER 00000nam a2200000 a 4500
001 UCU7020
003 CL-VaPUC
008 960628e19770000SP |||||||||||||||||spa|d
082 0 4 |a 690  |b ELD  |2 21 
100 0 |a Elder, A. J  |e author  |9 365483 
700 0 |a Vandenberg, Maritz  |e author  |9 365484 
245 1 0 |a Construcción 
300 |a 422 p 
942 |c BK 
945 |d 19960628 00:00:00  |a cmena 
260 |a Madrid  |b H. Blume  |c 1977 
650 0 |a Construcción  |9 260195 
650 7 |a TECHOS  |2 CL-VaPUC  |9 363976 
650 7 |a CUBIERTAS  |2 CL-VaPUC  |9 363975 
650 7 |a PAREDES  |2 CL-VaPUC  |9 365485 
650 0 |a Suelos  |9 260322 
650 0 |a Elementos estructurales  |9 350100 
650 0 |a Formas estructurales  |9 363772 
583 |a last modification  |c 19960628 00:00:00  |k Rodrigo Vera 
490 0 |a Manuales AJ 
999 |c 249736  |d 249734